[Event "45 MFSz im. A.Rubinsteina - B"]
[Site "Polanica Zdroj"]
[Date "2009.08.22"]
[Round "5.25"]
[White "Gorecki, Janusz"]
[Black "Eggink, Mateusz"]
[Result "1-0"]
[WhiteElo "1928"]
[BlackElo "1756"]
[PlyCount "79"]
[EventDate "2009.??.??"]

1. e4 c5 2. Nf3 Nc6 3. d4 cxd4 4. Nxd4 Nf6 5. Nc3 e6 6. Nxc6 bxc6 7. Bd3 d5 8.
exd5 cxd5 9. O-O Bc5 10. Bg5 h6 11. Bxf6 Qxf6 12. Bb5+ Kf8 13. Kh1 Bb7 14. f4
g6 15. Bd3 Kg7 16. Qg4 h5 17. Qe2 Rab8 18. Rae1 Bc6 19. Nd1 Bd6 20. Qf2 Rb4 21.
c4 dxc4 22. Be4 Bxe4 23. Rxe4 Rc8 24. Nc3 Bc5 25. Qe2 Rcb8 26. Rxc4 Rxb2 27.
Qf3 Be7 28. Rc7 Bb4 29. Ne4 Qd4 30. Ng5 Qd2 31. Rxf7+ Kg8 32. Qe4 Qc2 33. Rxa7
Qxe4 34. Nxe4 Rd8 35. Rc1 Bd2 36. Rd1 Rc8 37. g3 Be3 38. Re7 Rxa2 39. Rxe6 Rcc2
40. Rd8+ 1-0

[Event "45 MFSz im. A.Rubinsteina - B"]
[Site "Polanica Zdroj"]
[Date "2009.08.22"]
[Round "5.26"]
[White "Koscielny, Edmond"]
[Black "Szusterowski, Przemyslaw"]
[Result "0-1"]
[WhiteElo "1900"]
[BlackElo "1750"]
[PlyCount "36"]
[EventDate "2009.??.??"]

1. f4 e5 2. fxe5 d6 3. exd6 Bxd6 4. Nf3 g5 5. g3 g4 6. Nh4 Ne7 7. d4 Ng6 8.
Nxg6 hxg6 9. Qd3 Nc6 10. c3 Qe7 11. Bg2 Bd7 12. e4 O-O-O 13. Be3 Rxh2 14. e5
Rxg2 15. exd6 Qxd6 16. Bf4 Qd5 17. Rf1 Re8+ 18. Kd1 Bf5 0-1

[Event "45 MFSz im. A.Rubinsteina - B"]
[Site "Polanica Zdroj"]
[Date "2009.08.22"]
[Round "5.27"]
[White "Graczyk, Damian"]
[Black "Grochocinska, Urszula"]
[Result "1/2-1/2"]
[WhiteElo "1890"]
[BlackElo "1711"]
[PlyCount "86"]
[EventDate "2009.??.??"]

1. c4 e6 2. g3 d5 3. Bg2 c5 4. Nf3 Nc6 5. O-O Nf6 6. cxd5 exd5 7. d4 h6 8. Nc3
Bf5 9. b3 Be7 10. Bb2 O-O 11. Rc1 Rc8 12. dxc5 Bxc5 13. Nh4 Be6 14. Na4 Be7 15.
e3 Bg4 16. Nf3 b6 17. h3 Be6 18. Qe2 Qd7 19. Kh2 Rfd8 20. Rfd1 Ne8 21. Nc3 Bf6
22. Nb5 Bxb2 23. Qxb2 Nd6 24. Nbd4 Nxd4 25. exd4 f6 26. Nd2 Nf7 27. f4 Nd6 28.
Nf1 Nf5 29. Qf2 Rxc1 30. Rxc1 Rc8 31. Re1 Nd6 32. g4 f5 33. Ng3 fxg4 34. hxg4
Bxg4 35. Bxd5+ Kh8 36. Re5 Nf7 37. Bxf7 Qxf7 38. f5 Rf8 39. Qf4 h5 40. Qg5 Re8
41. f6 gxf6 42. Qh6+ Kg8 43. Ne4 Qf8 1/2-1/2

[Event "45 MFSz im. A.Rubinsteina - B"]
[Site "Polanica Zdroj"]
[Date "2009.08.22"]
[Round "5.29"]
[White "Jarus, Grzegorz"]
[Black "Ziemba, Artur"]
[Result "1-0"]
[WhiteElo "1860"]
[BlackElo "1638"]
[PlyCount "77"]
[EventDate "2009.??.??"]

1. d4 d5 2. Nf3 Bf5 3. c4 e6 4. Nc3 c6 5. e3 Nf6 6. Be2 Bd6 7. O-O O-O 8. b3
Re8 9. Bb2 Nbd7 10. Qd2 Nf8 11. h3 h6 12. Rfd1 N8d7 13. Rac1 a5 14. Bd3 Ne4 15.
Qc2 Ndf6 16. Nd2 Nxc3 17. Bxc3 Bxd3 18. Qxd3 Bc7 19. e4 dxe4 20. Nxe4 Nxe4 21.
Qxe4 Qg5 22. Re1 Rad8 23. Rcd1 Rf8 24. Qf3 Rd7 25. Re4 h5 26. Re3 Rfd8 27. Red3
Qg6 28. Qe2 Qf5 29. Rf3 Qg6 30. Re1 Bb6 31. Rg3 Qf5 32. d5 f6 33. Qxe6+ Qxe6
34. dxe6 Rc7 35. Bxf6 Re8 36. e7 Kf7 37. Be5 Rd7 38. Rxg7+ Ke6 39. Bd4+ 1-0

[Event "45 MFSz im. A.Rubinsteina - B"]
[Site "Polanica Zdroj"]
[Date "2009.08.22"]
[Round "5.31"]
[White "Wolski, Jerzy"]
[Black "Malec, Robert"]
[Result "0-1"]
[WhiteElo "1993"]
[BlackElo "1810"]
[PlyCount "31"]
[EventDate "2009.??.??"]

1. e4 c5 2. Nf3 Nc6 3. d4 cxd4 4. Nxd4 Nf6 5. Nc3 e5 6. Ndb5 d6 7. a4 a6 8. Na3
Be6 9. Bc4 Be7 10. Bg5 O-O 11. Bxf6 Bxf6 12. Nd5 Bg5 13. O-O Kh8 14. c3 f5 15.
Nc2 fxe4 16. Nce3 {dalej zapisy nieczytelne...} 0-1

[Event "45 MFSz im. A.Rubinsteina - B"]
[Site "Polanica Zdroj"]
[Date "2009.08.22"]
[Round "5.32"]
[White "Galyga, Jozef"]
[Black "Korcz, Daniel"]
[Result "1-0"]
[WhiteElo "1956"]
[BlackElo "1743"]
[PlyCount "69"]
[EventDate "2009.??.??"]

1. e4 e5 2. Nf3 Nc6 3. Bb5 a6 4. Ba4 Nf6 5. Bxc6 dxc6 6. d3 Bc5 7. O-O Qe7 8.
Nbd2 Bg4 9. h3 Bh5 10. Nc4 Nd7 11. Be3 O-O-O 12. Rb1 f6 13. a3 g5 14. b4 Bxe3
15. Nxe3 Bg6 16. Nd2 h5 17. a4 Rdg8 18. b5 cxb5 19. axb5 a5 20. Ndc4 b6 21. Nd5
Qe6 22. Nce3 Kb7 23. Rb3 Nc5 24. Rc3 Rg7 25. f3 Rf7 26. d4 exd4 27. Qxd4 Rd8
28. Nc4 Nxe4 29. fxe4 Bxe4 30. Rxf6 Qxd5 31. Rxb6+ cxb6 32. Qxb6+ Ka8 33. Qa6+
Ra7 34. Nb6+ Kb8 35. Rc8+ 1-0

[Event "45 MFSz im. A.Rubinsteina - B"]
[Site "Polanica Zdroj"]
[Date "2009.08.22"]
[Round "5.33"]
[White "Szczurek, Natalia"]
[Black "Graczyk, Konrad"]
[Result "0-1"]
[WhiteElo "1738"]
[BlackElo "1907"]
[PlyCount "100"]
[EventDate "2009.??.??"]

1. e4 e6 2. d4 d5 3. exd5 exd5 4. Bd3 Bd6 5. Qf3 Be6 6. Ne2 Ne7 7. O-O Nbc6 8.
c3 Qd7 9. b4 Ng6 10. Bf4 Nce7 11. Bxd6 Qxd6 12. Nd2 O-O 13. Rfe1 Rae8 14. b5
Qd7 15. Rab1 f5 16. Nf4 Nxf4 17. Qxf4 Nc8 18. Nf3 Nd6 19. Ne5 Qd8 20. Rb4 Rf6
21. c4 dxc4 22. Bf1 Bd5 23. Rc1 Rfe6 24. f3 Qe7 25. a3 Rxe5 26. dxe5 Qxe5 27.
Qxe5 Rxe5 28. a4 Re3 29. Bxc4 Bxc4 30. Rbxc4 Nxc4 31. Rxc4 Re7 32. Rf4 Re5 33.
Rc4 Re7 34. Rf4 g6 35. g4 Rf7 36. gxf5 Rxf5 37. Rc4 Rf7 38. Kf2 Re7 39. f4 Kf7
40. Kf3 Ke6 41. Ke4 Kd6+ 42. Kd4 Re2 43. h3 Ra2 44. h4 Rh2 45. Rc5 Rd2+ 46. Kc3
Kxc5 47. Kxd2 Kd4 48. Ke2 Ke4 49. Kf2 Kxf4 50. Kg2 Kg4 0-1

[Event "45 MFSz im. A.Rubinsteina - B"]
[Site "Polanica Zdroj"]
[Date "2009.08.22"]
[Round "5.34"]
[White "Szolc, Grzegorz"]
[Black "Gabrys, Sebastian"]
[Result "1-0"]
[WhiteElo "1644"]
[BlackElo "1877"]
[PlyCount "81"]
[EventDate "2009.??.??"]

1. e4 c5 2. Nf3 e6 3. d4 cxd4 4. Nxd4 Nf6 5. Nc3 Nc6 6. Be3 Bb4 7. Bd3 Qa5 8.
Qd2 d5 9. Nb3 Qd8 10. exd5 exd5 11. O-O O-O 12. a3 Bxc3 13. Qxc3 Ng4 14. Bf4 d4
15. Qc5 Be6 16. Nd2 Rc8 17. Qh5 g6 18. Qb5 Qd7 19. h3 Nf6 20. Bh6 Nd5 21. Bxf8
a6 22. Qc5 Rxf8 23. Ne4 f5 24. Ng5 Re8 25. Nxe6 Rxe6 26. Bc4 Rd6 27. Rfe1 Kg7
28. Bxd5 Rxd5 29. Qc4 f4 30. Qe2 Re5 31. Qg4 Rf5 32. Re4 h5 33. Qe2 Qf7 34. f3
Qc7 35. Re1 Qb6 36. Qd3 Qxb2 37. Re6 a5 38. Rxg6+ Kxg6 39. Re6+ Kg5 40. h4+
Kxh4 41. Qxf5 1-0

[Event "45 MFSz im. A.Rubinsteina - B"]
[Site "Polanica Zdroj"]
[Date "2009.08.22"]
[Round "5.35"]
[White "Karcz, Bartlomiej"]
[Black "Chmielewska, Joanna"]
[Result "1-0"]
[WhiteElo "1836"]
[BlackElo "1713"]
[PlyCount "99"]
[EventDate "2009.??.??"]

1. e4 e6 2. d4 d5 3. Nd2 Be7 4. Bd3 dxe4 5. Nxe4 Nf6 6. Nf3 Nbd7 7. O-O Nxe4 8.
Bxe4 Nf6 9. Bd3 O-O 10. c3 b6 11. Bf4 Bb7 12. Be5 Qc8 13. Ng5 h6 14. Bxf6 Bxf6
15. Nh7 Re8 16. Nxf6+ gxf6 17. Qg4+ Kf8 18. Qf4 Ke7 19. Rfe1 Rg8 20. Be4 Bxe4
21. Rxe4 Qd7 22. Rae1 Rg6 23. d5 e5 24. Qh4 Kd6 25. f4 Rag8 26. g3 Qf5 27.
fxe5+ fxe5 28. Rxe5 Qxe5 29. Rxe5 Kxe5 30. Qf4+ Kxd5 31. Qxc7 f5 32. Qxa7 R8g7
33. Qa8+ Kc5 34. Qc8+ Kd6 35. Qxf5 Re6 36. c4 Rge7 37. b4 Re1+ 38. Kg2 R1e2+
39. Kh3 Rxa2 40. Qd5+ Kc7 41. c5 Ree2 42. Qd6+ Kc8 43. Qc6+ Kd8 44. Qxb6+ Ke7
45. Qd6+ Kf7 46. c6 Rxh2+ 47. Kg4 Raf2 48. c7 Rf6 49. Qxf6+ Kxf6 50. c8=Q 1-0

[Event "45 MFSz im. A.Rubinsteina - B"]
[Site "Polanica Zdroj"]
[Date "2009.08.22"]
[Round "5.36"]
[White "Pac, Maciej"]
[Black "Siedlanowski, Lukasz"]
[Result "0-1"]
[WhiteElo "1830"]
[BlackElo "1688"]
[PlyCount "56"]
[EventDate "2009.??.??"]

1. e4 c6 2. d4 d5 3. Nd2 dxe4 4. Nxe4 Bf5 5. Ng3 Bg6 6. N1e2 Nf6 7. Nf4 Nd5 8.
Nxg6 hxg6 9. c3 Nd7 10. Be3 e6 11. Qc2 Bd6 12. Be2 Bxg3 13. O-O-O Bf4 14. Qd3
Qc7 15. g3 Bd6 16. Bd2 O-O-O 17. h4 e5 18. Kb1 Rhe8 19. Bf1 N7f6 20. Bh3+ Kb8
21. c4 Ne7 22. Rhe1 exd4 23. Qc2 c5 24. Qa4 Nc6 25. Rxe8 Rxe8 26. Bg2 Ne4 27.
Be1 Qc8 28. f3 Nxg3 0-1

[Event "45 MFSz im. A.Rubinsteina - B"]
[Site "Polanica Zdroj"]
[Date "2009.08.22"]
[Round "5.37"]
[White "Gola, Karolina"]
[Black "Wrzalek, Piotr"]
[Result "1-0"]
[WhiteElo "1908"]
[BlackElo "1600"]
[PlyCount "69"]
[EventDate "2009.??.??"]

1. e4 c5 2. Nc3 Nc6 3. g3 g6 4. Bg2 Bg7 5. d3 d6 6. Be3 e6 7. Qd2 Nge7 8. Nge2
Nd4 9. O-O O-O 10. Nd1 Nxe2+ 11. Qxe2 Rb8 12. f4 f5 13. Qd2 Qc7 14. c3 Bd7 15.
Nf2 b5 16. d4 c4 17. d5 e5 18. fxe5 Bxe5 19. Bd4 Bf6 20. Rae1 fxe4 21. Bxf6
Rxf6 22. Nxe4 Rxf1+ 23. Rxf1 Qb6+ 24. Kh1 Bf5 25. Nf6+ Kg7 26. Qg5 Qd8 27. Nh5+
Kg8 28. g4 Bd3 29. Re1 Rb7 30. Nf4 Rd7 31. Nxd3 cxd3 32. Qe3 Qa5 33. Qe6+ Kh8
34. Qxd7 d2 35. Rd1 1-0

[Event "45 MFSz im. A.Rubinsteina - B"]
[Site "Polanica Zdroj"]
[Date "2009.08.22"]
[Round "5.38"]
[White "Oszczanowski, Witold"]
[Black "Kowara, Magdalena"]
[Result "1/2-1/2"]
[WhiteElo "1679"]
[BlackElo "1826"]
[PlyCount "72"]
[EventDate "2009.??.??"]

1. e4 c5 2. Nf3 e6 3. d4 cxd4 4. Nxd4 a6 5. Bd3 Qc7 6. Qe2 d6 7. O-O Nf6 8. c4
b6 9. Nc3 Bb7 10. Be3 Nbd7 11. Rac1 Be7 12. f3 O-O 13. Rfd1 Rfe8 14. b3 Rad8
15. Qf2 Qb8 16. Nc2 Ba8 17. Bf1 Nc5 18. Qg3 g6 19. Nd4 Nh5 20. Qf2 Ng7 21. g3
Kh8 22. Bg2 Nh5 23. Rd2 Nf6 24. Rcd1 d5 25. exd5 exd5 26. cxd5 Nxd5 27. Nxd5
Bxd5 28. Nc2 Be6 29. f4 Bg4 30. Rxd8 Rxd8 31. Rd2 Kg8 32. Nd4 Bd7 33. Nc6 Bxc6
34. Bxc6 Qc8 35. Rxd8+ Qxd8 36. Qd2 Qxd2 1/2-1/2

[Event "45 MFSz im. A.Rubinsteina - B"]
[Site "Polanica Zdroj"]
[Date "2009.08.22"]
[Round "5.39"]
[White "Stepniewski, Jerzy"]
[Black "Ostalska, Natalia"]
[Result "1-0"]
[WhiteElo "1814"]
[BlackElo "1530"]
[PlyCount "115"]
[EventDate "2009.??.??"]

1. Nf3 d5 2. d4 Nf6 3. c3 Bf5 4. Nbd2 e6 5. Qb3 b6 6. g3 Bd6 7. Bg2 O-O 8. O-O
Nbd7 9. Rd1 c5 10. a4 Qc7 11. Nf1 c4 12. Qa2 Bc2 13. Re1 Bb3 14. Qb1 Qc6 15.
N3d2 Bxa4 16. e4 Bc7 17. e5 Ne8 18. b3 cxb3 19. c4 b5 20. cxd5 exd5 21. Ba3 Ba5
22. Rc1 Qh6 23. Nxb3 Bxb3 24. Qxb3 b4 25. Bxb4 Rb8 26. Qxd5 Bxb4 27. Qxd7 a5
28. Rc6 g6 29. Ne3 Ng7 30. Rd1 Rfd8 31. Qg4 a4 32. Ra6 a3 33. Nd5 Ne6 34. Nf6+
Kh8 35. d5 Nc5 36. Ra7 Qf8 37. e6 Rb7 38. Rxb7 Nxb7 39. Nd7 Qe7 40. Qd4+ Kg8
41. Nf6+ Kf8 42. Nxh7+ Kg8 43. Nf6+ Kf8 44. Qh4 Kg7 45. Nh5+ gxh5 46. Qxh5 fxe6
47. Qg4+ Kf8 48. Rd4 Bd6 49. dxe6 Rb8 50. Qf5+ Ke8 51. Rh4 Kd8 52. Rh8+ Kc7 53.
Rh7 Nc5 54. Bd5 Nb3 55. Rxe7+ Bxe7 56. Qf4+ Bd6 57. Qf7+ Kd8 58. Qd7# 1-0

[Event "45 MFSz im. A.Rubinsteina - B"]
[Site "Polanica Zdroj"]
[Date "2009.08.22"]
[Round "5.40"]
[White "Kustal, Emilia"]
[Black "Reichert, Jakub"]
[Result "0-1"]
[WhiteElo "1603"]
[BlackElo "1760"]
[PlyCount "82"]
[EventDate "2009.??.??"]

1. e4 c6 2. d4 d5 3. exd5 cxd5 4. Nf3 Nc6 5. c3 Nf6 6. Bg5 e6 7. Bd3 Bd6 8.
Nbd2 Bd7 9. Qc2 h6 10. Bh4 a6 11. O-O O-O 12. Rae1 Rc8 13. Qb1 Qc7 14. Bg3 Rfe8
15. Bxd6 Qxd6 16. Ne5 Na5 17. f4 b5 18. a3 Nc4 19. Nb3 a5 20. Qc2 b4 21. Bxc4
dxc4 22. Nxa5 b3 23. Naxc4 Qxe5 24. fxe5 bxc2 25. Nd6 Nd5 26. Nxe8 Bxe8 27. Rf3
Ba4 28. Kf2 Rb8 29. Rc1 Rxb2 30. Ke2 Nb6 31. Kd3 Rb1 32. Rxc2 Bxc2+ 33. Kxc2
Ra1 34. Kb2 Rg1 35. Rf2 Kf8 36. Kb3 Ke7 37. c4 Rd1 38. Kc3 f5 39. Rb2 Na4+ 40.
Kc2 Nxb2 41. Kxb2 Rxd4 0-1

[Event "45 MFSz im. A.Rubinsteina - B"]
[Site "Polanica Zdroj"]
[Date "2009.08.22"]
[Round "5.41"]
[White "Zajaczkowski, Gwidon"]
[Black "Wisniewski, Michal"]
[Result "1-0"]
[WhiteElo "1739"]
[BlackElo "1456"]
[PlyCount "57"]
[EventDate "2009.??.??"]

1. f4 e5 2. fxe5 d6 3. exd6 Bxd6 4. Nf3 g5 5. d4 g4 6. Ne5 Bxe5 7. dxe5 Qxd1+
8. Kxd1 Nc6 9. Bf4 Bf5 10. c3 Nge7 11. Nd2 Ng6 12. e3 Ngxe5 13. Bb5 O-O-O 14.
Rf1 Bg6 15. Ke1 Bd3 16. Bxc6 Nxc6 17. Rf2 Rhe8 18. Nb3 b6 19. Rd1 Bc4 20. Nd4
Nxd4 21. cxd4 Rd7 22. b3 Bd5 23. Rc2 Be4 24. Rc3 f5 25. Kf2 Ree7 26. Rdc1 Rf7
27. Be5 Kb7 28. b4 h5 29. a4 1-0

[Event "45 MFSz im. A.Rubinsteina - B"]
[Site "Polanica Zdroj"]
[Date "2009.08.22"]
[Round "5.42"]
[White "Jankowski, Aleksander"]
[Black "Kwasniewski, Pawel"]
[Result "1-0"]
[WhiteElo "1737"]
[BlackElo "1470"]
[PlyCount "107"]
[EventDate "2009.??.??"]

1. e4 d5 2. exd5 Qxd5 3. Nc3 Qa5 4. d4 Bf5 5. Bc4 c6 6. Nf3 Nf6 7. Bd2 Qc7 8.
O-O e6 9. Qe2 Bd6 10. d5 Nxd5 11. Nxd5 cxd5 12. Bxd5 O-O 13. Be4 Bxe4 14. Qxe4
Nd7 15. Bc3 Nc5 16. Qg4 e5 17. Rad1 f6 18. Bb4 Rad8 $11 19. Rxd6 Rxd6 20. Qc4+
Rf7 21. Qxc5 Qxc5 22. Bxc5 Rc6 23. Bb4 Rd7 24. Bc3 b5 25. a3 Kf7 26. Re1 a6 27.
Bxe5 Re6 28. Bc3 Rxe1+ 29. Nxe1 Ke6 30. Nd3 Kd5 31. Kf1 Rd6 32. Ke2 g5 33. f3
h5 34. h4 Ke6 35. Nc5+ Kf5 36. Ne4 Re6 37. Bxf6 g4 38. Bg5 a5 39. Kd3 Rc6 40.
Nf6 gxf3 41. gxf3 Kg6 42. Ne4 Kf5 43. Ng3+ Kg6 44. f4 Rd6+ 45. Ke4 Kf7 46. f5
Rc6 47. Kd3 Rd6+ 48. Kc3 Rc6+ 49. Kd2 Rd6+ 50. Kc1 Rd5 51. f6 Kg6 52. Ne2 Re5
53. Nf4+ Kf7 54. Nxh5 1-0

[Event "45 MFSz im. A.Rubinsteina - B"]
[Site "Polanica Zdroj"]
[Date "2009.08.22"]
[Round "5.45"]
[White "Kowalczyk, Adam"]
[Black "Zysko, Teresa"]
[Result "0-1"]
[WhiteElo "1745"]
[BlackElo "1699"]
[PlyCount "106"]
[EventDate "2009.??.??"]

1. e4 c5 2. Nc3 e6 3. f4 Nc6 4. Nf3 a6 5. a4 Nge7 6. d3 g6 7. Be3 b6 8. d4 cxd4
9. Bxd4 Nxd4 10. Qxd4 Rg8 11. Bc4 Nc6 12. Qd3 Qc7 13. e5 Nb4 14. Qe2 Nxc2+ 15.
Qxc2 Qxc4 16. Qe4 Qxe4+ 17. Nxe4 Be7 18. O-O-O Bb7 19. Nd6+ Bxd6 20. Rxd6 Rc8+
21. Kb1 Bc6 22. b3 Ke7 23. Rhd1 Rgd8 24. R1d2 b5 25. axb5 axb5 26. b4 Bxf3 27.
gxf3 Rc4 28. R6d4 Rxd4 29. Rxd4 d5 30. exd6+ Rxd6 31. Re4 Rd5 32. Kc2 f5 33.
Re3 Rd4 34. Kc3 Rc4+ 35. Kb3 Rxf4 36. Rc3 Kd6 37. Rd3+ Ke5 38. Rc3 Rd4 39. Rc5+
Rd5 40. Rc7 h5 41. Rg7 Kf6 42. Rb7 Kg5 43. Kc3 e5 44. Rc7 e4 45. fxe4 fxe4 46.
Kc2 Kf4 47. h4 Kg4 48. Rc6 Kf5 49. Rc3 g5 50. hxg5 Kxg5 51. Re3 Kf4 52. Rh3 e3
53. Rh1 e2 0-1

[Event "45 MFSz im. A.Rubinsteina - B"]
[Site "Polanica Zdroj"]
[Date "2009.08.22"]
[Round "5.46"]
[White "Szymczak, Paula"]
[Black "Dadello, Aleksandra"]
[Result "1-0"]
[WhiteElo "1674"]
[BlackElo "1731"]
[PlyCount "111"]
[EventDate "2009.??.??"]

1. e4 e5 2. f4 exf4 3. Bc4 Nf6 4. Nc3 c6 5. d4 d5 6. exd5 Nxd5 7. Bxd5 cxd5 8.
Bxf4 Bb4 9. Qd3 O-O 10. Nf3 Re8+ 11. Kf2 Bxc3 12. bxc3 Re4 13. Bg3 Nc6 14. c4
Bf5 15. cxd5 Qxd5 16. c4 Qd7 17. d5 Nd4 18. Qc3 Ne2 19. Qb3 Nxg3 20. hxg3 Rae8
21. Rhe1 Qc7 22. Rxe4 Rxe4 23. Rc1 Qc5+ 24. Kf1 Re3 25. Re1 Rxe1+ 26. Kxe1 Qc7
27. Kf2 b6 28. Qe3 Kf8 29. Qa3+ Qc5+ 30. Qxc5+ bxc5 31. Ne5 f6 32. g4 Bc8 33.
Nc6 Ba6 34. Na5 Ke7 35. Ke3 Kd6 36. Ke4 g6 37. Kd3 Kc7 38. Nc6 Bc8 39. Nxa7
Bxg4 40. Nb5+ Kb6 41. Nd6 Bd1 42. Ne8 f5 43. Nf6 h6 44. Nd7+ Ka5 45. Nxc5 Kb6
46. Ne6 g5 47. c5+ Ka7 48. Nd4 f4 49. d6 Ba4 50. c6 Bxc6 51. Nxc6+ Kb6 52. Ne5
h5 53. d7 Kc7 54. a4 g4 55. a5 f3 56. g3 1-0